Books with Animals in the Title #2 - Statistics

General Stats
  • This quiz has been taken 18,093 times
  • The average score is 14 of 22
Answer Stats
Author Book % Correct
Maya Angelou I Know Why the Caged {Bird} Sings
93%
Dodie Smith The Hundred and One {Dalmatians}
93%
Ken Kesey One Flew Over the {Cuckoo}'s Nest
92%
Nicholas Evans The {Horse} Whisperer
86%
Dr. Seuss Yertle the {Turtle}
80%
Edgar Rice Burroughs Tarzan of the {Apes}
77%
Mark Haddon The Curious Incident of the {Dog} in the Night-Time
76%
Hermann Hesse Steppen{wolf}
72%
Stieg Larsson The Girl Who Kicked the {Hornets}' Nest
70%
Eric Carle The Very Hungry {Caterpillar}
68%
Margery Williams The Velveteen {Rabbit}
65%
James Patterson Along Came a {Spider}
59%
E.B. White The Trumpet of the {Swan}
58%
Dr. Seuss {Fox} in Socks
57%
Dian Fossey {Gorillas} in the Mist
56%
Laura Numeroff If You Give a {Mouse} a Cookie
52%
Douglas Adams So Long, and Thanks for All the {Fish}
50%
Larry McMurty Lonesome {Dove}
47%
Thomas Rockwell How to Eat Fried {Worms}
33%
Robert C. O'Brien Mrs. Frisby and the {Rats} of NIMH
32%
Walter Farley The Black {Stallion}
26%
Jean-Dominique Bauby The Diving Bell and the {Butterfly}
24%
No matching quizzes found
Score Distribution
Percent of People with Each Score
Percentile by Number Answered
Your Score History
You have not taken this quiz